Pháp luật Việt Nam về bảo lãnh ngân hàng - thực trạng và hướng hoàn thiện : Luận văn Thạc sĩ. Chuyên ngành Luật Kinh tế

Phân tích, so sánh các quy định của pháp luật Việt Nam, đề tài nghiên cứu tìm ra những bất cập, hạn chế trong việc đảm bảo thực thi các quy định của pháp luật về bảo lãnh ngân hàng. Trên cơ sở đó, đề nghị một số giải pháp nhằm hoàn thiệ...

Popoln opis

Shranjeno v:
Bibliografske podrobnosti
Glavni avtor: Thân, Thị Kim Nga
Format: Knjiga
Jezik:Undetermined
Izdano: Cần Thơ Trường Đại học Cần Thơ 2016
Teme:
Oznake: Označite
Brez oznak, prvi označite!
Thư viện lưu trữ: Trung tâm Học liệu Trường Đại học Cần Thơ
LEADER 01289nam a2200217Ia 4500
001 CTU_214570
008 210402s9999 xx 000 0 und d
082 |a 346.597082 
082 |b Ng100 
100 |a Thân, Thị Kim Nga 
245 0 |a Pháp luật Việt Nam về bảo lãnh ngân hàng - thực trạng và hướng hoàn thiện : 
245 0 |b Luận văn Thạc sĩ. Chuyên ngành Luật Kinh tế 
245 0 |c Thân Thị Kim Nga ; Lê Vũ Nam (Hướng dẫn khoa học) 
260 |a Cần Thơ 
260 |b Trường Đại học Cần Thơ 
260 |c 2016 
520 |a Phân tích, so sánh các quy định của pháp luật Việt Nam, đề tài nghiên cứu tìm ra những bất cập, hạn chế trong việc đảm bảo thực thi các quy định của pháp luật về bảo lãnh ngân hàng. Trên cơ sở đó, đề nghị một số giải pháp nhằm hoàn thiện các quy định pháp luật nói trên 
650 |a Luật ngân hàng,Banking law,Banks and banking,Ngân hàng và hoạt động ngân hàng 
650 |z Việt Nam 
904 |i Nguyên 
980 |a Trung tâm Học liệu Trường Đại học Cần Thơ